000 00942nam a2200265Ia 4500
008 130821s2007 ag gr spa
020 _a9789500306478
040 _aCo-BoUCM
_bspa
041 0 0 _aspa
100 1 _aSartre, Jean-Paul
_d1905-1980
_954571
245 1 3 _aEl muro
_cJean-Paul Sartre ; prólogo de Guillermo de Torre ; traducción Augusto Díaz Carvajal
260 _aBuenos Aires (Argentina)
_bLosada
_c2007
300 _a260 páginas
490 0 _aClásicos Losada
_v385
500 _aIncluye índice general.
650 0 4 _aExistencialismo en la literatura
_915412
650 0 4 _aLiteratura europea
_926524
650 0 4 _aLiteratura francesa
_ySiglo XX
_97794
650 0 4 _aNovela francesa
_ySiglo XX
_920506
700 1 _aDíaz Carvajal, Augusto
_etr.
_9166423
700 1 _aTorre, Guillermo de
_epról.
_9124592
765 _tLe mur
942 _cLIBRO
_2DEWEY
_a18
_e1
_h843.914
_mS17m
999 _c65283
_d65283